Normal view
MARC view
- Juárez, Benito,
Entry Nombre Personal
001 - NUMERO DE CONTROL
- campo de control: 28803
003 - IDENTIFICADOR DE NUMERO DE CONTROL
- campo de control: UPN
005 - FECHA Y HORA DE LA ÜLTIMA TRANSACCIÓN
- campo de control: 20240910170136.0
008 - DATOS DE LONGITUD FIJA
- campo de control de longitud fija: 230601n||acannaabn | ana |d
035 ## - NUMERO DE CONTROL
- Número de control: UPN11000000909
040 ## - FUENTE DE CATALOGACIÓN
- Lenguaje de catalogación: SPA
- Agencia de transcripción: UPN
- Agencia original de catalogación: MX-MxUPN
100 1# - ENCABEZAMIENTO - NOMBRE PERSONAL
- Nombre personal: Juárez, Benito,
- Fechas asociadas con el nombre: 1806-1872
400 1# - VEÁSE - NOMBRE DE PERSONA
- Personal name: Juárez García, Benito
- Dates associated with a name: 1806-1872
670 ## - FUENTE EN LA QUE SE LOCALIZARON DATOS
- Cita de la fuente: T
- Información localizada: Diccionario Porrúa de historia, biografía y geografía de México
680 ## - NOTA PUBLICA DE ACCESO PÚBLICO
- Frase explicativa de la referencia: Político mexicano
902 ## - CATALOGADOR
- Catalogador: DAA/100108
